000
00319nam a2200121Ia 4500
008
210430s9999 xx 000 0 und d
082
_a
540 B 8631 C
100
_a
Theodore L. Brown
245
_a
Chemistry The Central Science
_c
Theodore L. Brown
260
_a
London
_b
Photocopy
300
_a
1103 p
942
_c
BK
_2
ddc
999
_c
564998
_d
564998